| 000 | 01132nam a2200277Ia 4500 | ||
|---|---|---|---|
| 005 | 20260324134135.0 | ||
| 008 | 008 260324s9999 xx 000 0 eng d | ||
| 020 | _a9781315220109 | ||
| 037 | _aEBOOK | ||
| 040 | _aCRL | ||
| 040 | _beng | ||
| 040 | _cCRL | ||
| 041 | _2eng | ||
| 041 | _aeng | ||
| 084 | _qCRL | ||
| 100 |
_aLarry F. Lind; Alexander D. Poularikas; Lars Hakansson; Michael Johnson; Per Sjosten; Alan D. Sharpley; Graham P. Eatwell; Elizabeth Keate; Stephan Weiss; Malcolm Hawksford; Rita Singh; Dennis Hardman; Darren B. Ward; Lucas Parra; Victor Bray; Stephen Leese; William D. Voiers; John Peter Whelan; Robert Oshana; Sven Johansson; Mattias Dahl; Inguar Claesson; Richard M. Stern; Minesh Patel; John W. Cook; Douglas M. Chabries; Bhiksha Raj; Ira L. Panzer; Craig Fancourt; Gillian M. Davis; Robert W. Stewart _91195721 |
||
| 245 | 0 | _aNoise Reduction in Speech Applications | |
| 260 | _bTaylor and Francis | ||
| 260 | _c2002 | ||
| 365 | _a | ||
| 365 | _b520 | ||
| 856 | _uhttp://www.taylorfrancis.com/books/9781315220109 | ||
| 942 | _cEBOOK | ||
| 999 |
_c1795467 _d1795467 |
||